000 00677nam a2200205 i 4500
001 67514
003 ES-MaACL
005 20230906170106.0
007 t|
008 040602s2002 sp ||||1| spa d
080 _a355.48
080 _a930.2:355.48
245 0 0 _aHistoria militar
_b: métodos y recursos de investigación.
260 _aMadrid :
_bInstituto de Historia y Cultura Militar,
_c2002.
300 _a500 p. ;
_c24 cm.
500 _aNúmero extraordinario de la Revista de Historia Militar, año XLV.
650 1 4 _aHistoria militar-
_xMetodología.
_913417
710 2 _aInstituto de Historia y Cultura Militar.
_94956
852 _aES-MaACL
_jL-27742
_bR.133544
999 _c67514
_d67514